| 000 -LEADER |
| fixed length control field |
00618nam a2200205Ia 4500 |
| 001 - CONTROL NUMBER |
| control field |
3221 |
| 003 - CONTROL NUMBER IDENTIFIER |
| control field |
GE_BSU |
| 008 - FIXED-LENGTH DATA ELEMENTS--GENERAL INFORMATION |
| fixed length control field |
181216s||||||||xx |||||||||||||| ||und|| |
| 040 ## - CATALOGING SOURCE |
| Transcribing agency |
GE_BSU |
| 080 ## - UNIVERSAL DECIMAL CLASSIFICATION NUMBER |
| Universal Decimal Classification number |
550+553.98(035) |
| 245 ## - TITLE STATEMENT |
| Title |
Геология нефти. Том 2. книга 2.Нефтяные месторождения зарубежных стран. |
| 245 ## - TITLE STATEMENT |
| Remainder of title |
Справочник. |
| 245 ## - TITLE STATEMENT |
| Statement of responsibility, etc. |
Под.ред. И.В.Высоцкого. |
| 260 ## - PUBLICATION, DISTRIBUTION, ETC. |
| Place of publication, distribution, etc. |
М. |
| 260 ## - PUBLICATION, DISTRIBUTION, ETC. |
| Name of publisher, distributor, etc. |
Недра. |
| 260 ## - PUBLICATION, DISTRIBUTION, ETC. |
| Date of publication, distribution, etc. |
1968. |
| 300 ## - PHYSICAL DESCRIPTION |
| Extent |
351 стр.с илл.27см. |
| 653 ## - INDEX TERM--UNCONTROLLED |
| Uncontrolled term |
Геология нефти. |
| 942 ## - ADDED ENTRY ELEMENTS (KOHA) |
| Koha item type |
წიგნი |